000 00511nam a22001457a 4500
005 20170403144236.0
008 170403b xxu||||| |||| 00| 0 eng d
040 _cPK-LaUMT
082 _aZIAC 297.07
_bSAL-D
100 _aسلیم منصور خالد
245 _aدینی مدارس میں تعلیم :
_bکیفیت ، مسائل، امکانات/
_cسلیم منصور خالد
260 _aاسلام آباد:
_bانسٹی ٹیوٹ آف پالیسی اسٹڈیز،
_c2002
300 _a472 ص
942 _cBK
999 _c92305
_d92305